| 000 | 00326nam a22001337a 4500 | ||
|---|---|---|---|
| 020 | _a9780849337734 | ||
| 082 |
_a621.3 _bNOR/IN |
||
| 100 |
_aNorthrop,Robert B. _91252 |
||
| 245 | _aIntroduction to Instrumentation and Measurements | ||
| 250 | _a2 nd | ||
| 260 |
_aBoca Ratom _bCRC Press _c2005 |
||
| 300 | _a743 | ||
| 942 | _cBBS | ||
| 999 |
_c14716 _d14716 |
||